[Event "Kiel op 30th"]
[Site "Kiel"]
[Date "2017.08.03"]
[Round "8.30"]
[White "Bernhardsson, Sten Hilding G"]
[Black "Oltmanns, Marc"]
[Result "1/2-1/2"]
[WhiteElo "1922"]
[BlackElo "1679"]
[PlyCount "48"]
[EventDate "2017.07.29"]
[EventType "swiss"]
[EventRounds "9"]
[EventCountry "GER"]
[SourceTitle "EXT 2018"]
[Source "ChessBase"]
[SourceDate "2017.10.13"]
[SourceVersion "1"]
[SourceVersionDate "2017.10.13"]
[SourceQuality "1"]

1. d4 Nf6 2. Nf3 e6 3. Bg5 Be7 4. e3 b6 5. c4 Bb7 6. Nc3 d5 7. cxd5 Nxd5 8. Bxe7 Qxe7 9. Bb5+ c6 10. Be2 0-0 11. Rc1 Nf6 12. 0-0 Nbd7 13. Qb3 c5 14. Rfd1 cxd4 15. Nxd4 Nc5 16. Qa3 Nd5 17. Bf3 Nxc3 18. Rxc3 Bxf3 19. Nxf3 Rfd8 20. Rcc1 Rxd1+ 21. Rxd1 Rd8 22. Rd4 Qc7 23. Qc3 Rxd4 24. Nxd4 Qd7 1/2-1/2

[Event "Rostock SSC 07 op 15th"]
[Site "Rostock"]
[Date "2016.07.31"]
[Round "7"]
[White "Mertens, Lothar"]
[Black "Bernhardsson, Sten Hilding G"]
[Result "0-1"]
[WhiteElo "1678"]
[BlackElo "2002"]
[PlyCount "90"]
[EventDate "2016.07.27"]
[EventType "swiss"]
[EventRounds "7"]
[EventCountry "GER"]
[SourceTitle "EXT 2017"]
[Source "ChessBase"]
[SourceDate "2016.10.25"]
[SourceVersion "1"]
[SourceVersionDate "2016.10.25"]
[SourceQuality "1"]

1. e4 c5 2. Nf3 e6 3. d4 cxd4 4. Nxd4 Nc6 5. Nc3 a6 6. a3 Qc7 7. Be3 Nf6 8. Be2 Be7 9. 0-0 0-0 10. f4 d6 11. Bf3 Na5 12. Be2 Nc4 13. Bxc4 Qxc4 14. Qd3 Qc7 15. a4 Bd7 16. Nf3 Rac8 17. Rfd1 Bc6 18. Nd4 Ng4 19. Nxc6 bxc6 20. Ne2 Nxe3 21. Qxe3 d5 22. b3 Rfd8 23. Kh1 c5 24. exd5 exd5 25. Qf3 Bf6 26. Rab1 d4 27. g3 Re8 28. Rd3 Re7 29. Rbd1 Rce8 30. R1d2 g6 31. c3 dxc3 32. Nxc3 Re1+ 33. Kg2 Bxc3 34. Rxc3 Qe7 35. Kf2 Qf6 36. Rcd3 c4 37. bxc4 Qb6+ 38. Kg2 Rg1+ 39. Kh3 Qe6+ 40. g4 h5 41. Rg2 hxg4+ 42. Rxg4 Kg7 43. f5 Rh8+ 44. Rh4 Rxh4+ 45. Kxh4 g5+ 0-1

[Event "Rostock SSC 07 op 15th"]
[Site "Rostock"]
[Date "2016.07.27"]
[Round "2"]
[White "Bernhardsson, Sten Hilding G"]
[Black "Stern, Rene"]
[Result "0-1"]
[WhiteElo "2002"]
[BlackElo "2541"]
[PlyCount "34"]
[EventDate "2016.07.27"]
[EventType "swiss"]
[EventRounds "7"]
[EventCountry "GER"]
[SourceTitle "EXT 2017"]
[Source "ChessBase"]
[SourceDate "2016.10.25"]
[SourceVersion "1"]
[SourceVersionDate "2016.10.25"]
[SourceQuality "1"]

1. d4 Nf6 2. Nf3 e6 3. Bg5 c5 4. e3 Be7 5. Bd3 cxd4 6. exd4 b6 7. 0-0 Bb7 8. Qe2 0-0 9. Nbd2 Nc6 10. c3 Nd5 11. Bxe7 Ncxe7 12. g3 Ng6 13. Rfe1 f5 14. Ne5 Rf6 15. Rad1 d6 16. Nxg6 Rxg6 17. Bc4 Nf4 0-1

[Event "Rostock SSC 07 op 15th"]
[Site "Rostock"]
[Date "2016.07.27"]
[Round "1"]
[White "Langer, Robert"]
[Black "Bernhardsson, Sten Hilding G"]
[Result "0-1"]
[WhiteElo "1641"]
[BlackElo "2002"]
[PlyCount "114"]
[EventDate "2016.07.27"]
[EventType "swiss"]
[EventRounds "7"]
[EventCountry "GER"]
[SourceTitle "EXT 2017"]
[Source "ChessBase"]
[SourceDate "2016.10.25"]
[SourceVersion "1"]
[SourceVersionDate "2016.10.25"]
[SourceQuality "1"]

1. d4 d5 2. c4 e6 3. Nc3 Nf6 4. Nf3 Be7 5. Bf4 0-0 6. c5 c6 7. h3 Nbd7 8. e3 Ne4 9. Nxe4 dxe4 10. Nd2 e5 11. Bg3 exd4 12. exd4 Nf6 13. Be5 Bf5 14. Nc4 Nd5 15. h4 e3 16. Qf3 exf2+ 17. Qxf2 Be6 18. Bd3 Nb4 19. Bf1 Qd5 20. a3 Qe4+ 21. Kd1 Nd3 22. Qg3 Nxe5 23. Qxe5 Qg4+ 24. Kc1 Bf6 25. Ne3 Qxd4 26. Qxd4 Bxd4 27. Kd2 Bxc5 28. Re1 Rad8+ 29. Kc2 Rfe8 30. Kc3 Bd4+ 31. Kc2 Bxe3 32. Rxe3 Bf5+ 33. Rd3 Re3 34. Rh3 Bxd3+ 35. Bxd3 Rxh3 36. gxh3 Kf8 37. h5 Ke7 38. Bxh7 Rh8 39. Bf5 Rxh5 40. Bg4 Rd5 41. Kc3 f5 42. Bf3 Rd8 43. h4 Kf6 44. h5 Ke5 45. Kb4 Kf4 46. Bh1 Kg3 47. a4 Rd1 48. Bxc6 bxc6 49. Kc5 f4 50. Kxc6 f3 51. b4 f2 52. b5 f1Q 53. b6 Qa6 54. a5 Qc8+ 55. Kb5 Rb1+ 56. Ka4 Qc4+ 57. Ka3 Qb3# 0-1

[Event "Vaxjo op"]
[Site "Vaxjo"]
[Date "2016.02.21"]
[Round "7"]
[White "Bernhardsson, Sten Hilding G"]
[Black "Nielsen, Niels Peter"]
[Result "1/2-1/2"]
[WhiteElo "1998"]
[BlackElo "2113"]
[PlyCount "27"]
[EventDate "2016.02.19"]
[EventType "swiss"]
[EventRounds "8"]
[EventCountry "SWE"]
[SourceTitle "CBM 170 Extra"]
[Source "ChessBase"]
[SourceDate "2016.02.25"]
[SourceVersion "1"]
[SourceVersionDate "2016.02.25"]
[SourceQuality "1"]

1. d4 d5 2. Nf3 Nf6 3. c4 c6 4. Nc3 a6 5. c5 g6 6. Bf4 Bg7 7. e3 0-0 8. Be2 Nbd7 9. h3 b6 10. cxb6 Qxb6 11. 0-0 c5 12. dxc5 Nxc5 13. Be5 Bb7 14. Na4 1/2-1/2

[Event "Lund CellaVision Cup"]
[Site "Lund"]
[Date "2015.08.07"]
[Round "1"]
[White "Brynell, Stellan"]
[Black "Bernhardsson, Sten Hilding G"]
[Result "1-0"]
[WhiteElo "2436"]
[BlackElo "2003"]
[PlyCount "91"]
[EventDate "2015.08.07"]
[EventType "swiss"]
[EventRounds "8"]
[EventCountry "SWE"]
[SourceTitle "CBM 167 Extra"]
[Source "ChessBase"]
[SourceDate "2015.09.14"]
[SourceVersion "1"]
[SourceVersionDate "2015.09.14"]
[SourceQuality "1"]

1. d4 d5 2. Nf3 Nf6 3. c4 e6 4. Nc3 Be7 5. Bg5 0-0 6. e3 Nbd7 7. Rc1 c6 8. Bd3 dxc4 9. Bxc4 Nd5 10. Bxe7 Qxe7 11. 0-0 Nxc3 12. Rxc3 e5 13. Bb3 exd4 14. exd4 Nf6 15. Re1 Qd6 16. Ne5 Nd5 17. Rg3 Bf5 18. Qf3 Be6 19. h4 f6 20. Rxg7+ Kxg7 21. Qg3+ Bg4 22. Qxg4+ Kh8 23. Nf3 Rae8 24. Rxe8 Rxe8 25. g3 Qe6 26. Qh5 Rg8 27. Bc2 Rg7 28. Qh6 Qg4 29. Bd1 Qf5 30. Kh2 Qd3 31. Qc1 Re7 32. Kg2 Qe4 33. Bc2 Qe6 34. Bd3 Rg7 35. a3 Re7 36. Qh6 Rg7 37. Ne5 Qe7 38. Ng6+ Rxg6 39. Bxg6 a5 40. Bd3 f5 41. Bxf5 Qf7 42. Qe6 Qxe6 43. Bxe6 Nb6 44. f4 Kg7 45. Kf3 Kf6 46. Bb3 1-0

[Event "Politiken Cup 37th"]
[Site "Helsingor"]
[Date "2015.07.30"]
[Round "7"]
[White "Fossan, Andreas"]
[Black "Bernhardsson, Sten Hilding G"]
[Result "1-0"]
[WhiteElo "1840"]
[BlackElo "2003"]
[PlyCount "45"]
[EventDate "2015.07.25"]
[EventType "swiss"]
[EventRounds "10"]
[EventCountry "DEN"]
[SourceTitle "CBM 167 Extra"]
[Source "ChessBase"]
[SourceDate "2015.09.14"]
[SourceVersion "1"]
[SourceVersionDate "2015.09.14"]
[SourceQuality "1"]

1. d4 Nf6 2. c4 e6 3. Nc3 d5 4. cxd5 exd5 5. Bg5 Be7 6. e3 0-0 7. Bd3 Nbd7 8. Nge2 c6 9. Qc2 Re8 10. 0-0 Nf8 11. f3 Nh5 12. Bxe7 Qxe7 13. e4 dxe4 14. fxe4 Be6 15. Rf2 Rad8 16. Raf1 Qg5 17. e5 Re7 18. Ne4 Qe3 19. Kh1 Qh6 20. Nd6 f6 21. h3 fxe5 22. Rxf8+ Rxf8 23. Bxh7+ 1-0

[Event "Politiken Cup 37th"]
[Site "Helsingor"]
[Date "2015.07.26"]
[Round "2"]
[White "Bernhardsson, Sten Hilding G"]
[Black "Bach, Matthias"]
[Result "0-1"]
[WhiteElo "2003"]
[BlackElo "2236"]
[PlyCount "96"]
[EventDate "2015.07.25"]
[EventType "swiss"]
[EventRounds "10"]
[EventCountry "DEN"]
[SourceTitle "CBM 167 Extra"]
[Source "ChessBase"]
[SourceDate "2015.09.14"]
[SourceVersion "1"]
[SourceVersionDate "2015.09.14"]
[SourceQuality "1"]

1. d4 Nf6 2. Nf3 d6 3. c4 g6 4. Nc3 Bg7 5. e4 0-0 6. Be2 c6 7. 0-0 a6 8. a4 a5 9. Bg5 Bg4 10. Qd2 Re8 11. Rad1 Na6 12. Rfe1 Qc7 13. h3 Bxf3 14. Bxf3 Nd7 15. Bg4 Nf8 16. Qe3 e6 17. Qd2 f6 18. Be3 Rad8 19. Qc1 Qf7 20. d5 f5 21. dxe6 Nxe6 22. exf5 gxf5 23. Bf3 Nac5 24. Bxc5 dxc5 25. Rxd8 Rxd8 26. Ne2 Qf6 27. Rd1 Qxb2 28. Rxd8+ Nxd8 29. Qe3 Qa1+ 30. Kh2 Qe5+ 31. Qxe5 Bxe5+ 32. g3 Kf7 33. Nc1 Ke6 34. Nd3 Kd6 35. Bd1 Ne6 36. f4 Bg7 37. g4 Nd4 38. Kg3 b5 39. axb5 cxb5 40. cxb5 Nxb5 41. gxf5 c4 42. Nc1 Nd4 43. Kg4 c3 44. Nb3 Nxb3 45. Bxb3 Kc5 46. Kg5 Kb4 47. Bd1 a4 48. f6 Bf8 0-1

[Event "EU-chT Seniors 15th"]
[Site "Dresden"]
[Date "2013.07.22"]
[Round "3"]
[White "Bernhardsson, Sten Hilding G"]
[Black "Jorgensen, Jorgen"]
[Result "1/2-1/2"]
[WhiteElo "2084"]
[BlackElo "2242"]
[PlyCount "56"]
[EventDate "2013.07.20"]
[EventType "team-swiss"]
[EventRounds "9"]
[EventCountry "GER"]
[SourceTitle "CBM 155 Extra"]
[Source "ChessBase"]
[SourceDate "2013.08.26"]
[SourceVersion "1"]
[SourceVersionDate "2013.08.26"]
[SourceQuality "1"]
[WhiteTeam "Sweden III"]
[BlackTeam "Norresundby"]
[WhiteTeamCountry "SWE"]
[BlackTeamCountry "DEN"]

1. d4 f5 2. Nf3 Nf6 3. g3 g6 4. Bg2 Bg7 5. 0-0 0-0 6. c4 d6 7. Nc3 c6 8. d5 e5 9. dxe6 Bxe6 10. Qd3 Nbd7 11. Ng5 Ne5 12. Nxe6 Qe7 13. Qc2 Qxe6 14. b3 Rfe8 15. Bb2 Rad8 16. Rad1 Neg4 17. e3 Nxe3 18. fxe3 Qxe3+ 19. Kh1 Ng4 20. h3 Qxg3 21. hxg4 Be5 22. Bf3 fxg4 23. Be4 Rf8 24. Na4 Qh3+ 25. Kg1 Qe3+ 26. Kh1 Qh3+ 27. Kg1 Qe3+ 28. Kh1 Qh3+ 1/2-1/2

[Event "SWE-chT2 1112"]
[Site "Sweden"]
[Date "2012.03.10"]
[Round "8"]
[White "Bernhardsson, Sten Hilding G"]
[Black "Lagerborg, Krister"]
[Result "1-0"]
[WhiteElo "2069"]
[BlackElo "2009"]
[PlyCount "143"]
[EventDate "2011.10.22"]
[EventType "team-tourn"]
[EventRounds "9"]
[EventCountry "SWE"]
[SourceTitle "EXT 2013"]
[Source "ChessBase"]
[SourceDate "2012.11.22"]
[SourceVersion "1"]
[SourceVersionDate "2012.11.22"]
[SourceQuality "1"]
[WhiteTeam "Rodeby"]
[BlackTeam "Farsta"]
[WhiteTeamCountry "SWE"]
[BlackTeamCountry "SWE"]

1. d4 Nf6 2. c4 g6 3. Nc3 Bg7 4. e4 d6 5. Nf3 0-0 6. Be2 e5 7. Be3 Nc6 8. d5 Ne7 9. Nd2 Ne8 10. c5 f5 11. f3 f4 12. Bf2 g5 13. cxd6 cxd6 14. Rc1 Ng6 15. Nb5 b6 16. Nc4 Rf7 17. a4 Nh4 18. 0-0 Bf8 19. a5 Bd7 20. Qb3 bxa5 21. Nxa7 a4 22. Qc3 g4 23. fxg4 Qg5 24. Nc6 Bxg4 25. Bxh4 Qxh4 26. Bxg4 Qxg4 27. Qf3 Qg6 28. Ra1 Nf6 29. Rfe1 Rb7 30. Ra3 Rb3 31. Rxb3 axb3 32. Nd2 Ng4 33. Nc4 Nf6 34. Nd2 Ng4 35. Nc4 Nf6 36. h3 Kh8 37. Nd2 Bh6 38. Ne7 Qf7 39. Nf5 Bf8 40. Qxb3 Nxe4 41. Nxe4 Qxf5 42. Qb7 Rd8 43. Qc7 Qd7 44. Qxd7 Rxd7 45. b4 Rb7 46. Rb1 Be7 47. Kf2 Kg7 48. Kf3 h5 49. b5 Kf7 50. Nd2 Bd8 51. Nc4 Ke7 52. Ke4 Kd7 53. Rb3 Bb6 54. Kf5 Bc5 55. Nd2 Rb8 56. Ne4 Rf8+ 57. Kg5 Rg8+ 58. Kxh5 Rxg2 59. b6 Kc8 60. b7+ Kb8 61. Kh6 Rg8 62. Nf6 Rd8 63. Kg5 Kc7 64. h4 Rb8 65. h5 Rxb7 66. Rxb7+ Kxb7 67. Ne4 Be3 68. Kg4 f3 69. Kxf3 Bf4 70. Nxd6+ Kc7 71. Nf7 Kd7 72. h6 1-0

[Event "SWE-chT2 1112"]
[Site "Sweden"]
[Date "2011.10.23"]
[Round "2"]
[White "Marklund, Niklas"]
[Black "Bernhardsson, Sten Hilding G"]
[Result "0-1"]
[WhiteElo "2170"]
[BlackElo "2069"]
[PlyCount "70"]
[EventDate "2011.10.22"]
[EventType "team-tourn"]
[EventRounds "9"]
[EventCountry "SWE"]
[SourceTitle "EXT 2013"]
[Source "ChessBase"]
[SourceDate "2012.11.22"]
[SourceVersion "1"]
[SourceVersionDate "2012.11.22"]
[SourceQuality "1"]
[WhiteTeam "Lulea"]
[BlackTeam "Rodeby"]
[WhiteTeamCountry "SWE"]
[BlackTeamCountry "SWE"]

1. d4 d5 2. c4 e6 3. Nc3 Nf6 4. cxd5 exd5 5. Bg5 Be7 6. e3 0-0 7. Bd3 Nbd7 8. Nge2 Re8 9. Qc2 c6 10. 0-0-0 b5 11. f3 b4 12. Na4 Bb7 13. Kb1 Qa5 14. g4 Ba6 15. Bxa6 Qxa6 16. Bf4 Nb6 17. Nxb6 axb6 18. Nc1 c5 19. dxc5 bxc5 20. h4 c4 21. h5 b3 22. Qd2 bxa2+ 23. Ka1 Qa4 24. Rh2 Rec8 25. Be5 Nd7 26. Bc3 Bf6 27. Bxf6 Nxf6 28. g5 Ne8 29. Qxd5 Ra5 30. Qd4 Rxg5 31. h6 Qc6 32. f4 Rg6 33. Rdh1 Rd6 34. Qc3 Qe4 35. hxg7 Qb1# 0-1

[Event "Gatwick e2e4 op-A"]
[Site "Gatwick"]
[Date "2011.06.19"]
[Round "5"]
[White "Bernhardsson, Sten Hilding G"]
[Black "Pattni, Kishan"]
[Result "1/2-1/2"]
[WhiteElo "2077"]
[BlackElo "1642"]
[PlyCount "60"]
[EventDate "2011.06.17"]
[EventType "swiss"]
[EventRounds "5"]
[EventCountry "ENG"]
[SourceTitle "CBM 143 Extra"]
[Source "ChessBase"]
[SourceDate "2011.08.29"]
[SourceVersion "1"]
[SourceVersionDate "2011.08.29"]
[SourceQuality "1"]

1. d4 f5 2. Nf3 Nf6 3. g3 d6 4. Bg2 e6 5. 0-0 Be7 6. c4 0-0 7. Nc3 Ne4 8. Qc2 Nxc3 9. Qxc3 Bf6 10. Qb3 Nd7 11. Rd1 Kh8 12. Bd2 Qe8 13. Rac1 e5 14. dxe5 dxe5 15. c5 c6 16. e4 Be7 17. exf5 Qh5 18. Be3 Qxf5 19. Qc4 Nf6 20. Nh4 Qh5 21. Bf3 Bg4 22. Qe2 e4 23. Bxg4 Nxg4 24. h3 Nf6 25. Qxh5 Nxh5 26. Ng2 Nf6 27. Nf4 Rfd8 28. Ne6 Rd5 29. b4 Kg8 30. Bg5 Kf7 1/2-1/2